[Event "KOS-chT"]
[Site "Pristina"]
[Date "2018.05.11"]
[Round "5.2"]
[White "Sahitaj, Naim"]
[Black "Spasov, Vasil"]
[Result "1/2-1/2"]
[WhiteElo "2234"]
[BlackElo "2507"]
[PlyCount "85"]
[EventDate "2018.05.07"]
[EventType "team-tourn"]
[EventRounds "7"]
[EventCountry "KOS"]
[SourceTitle "EXT 2019"]
[Source "ChessBase"]
[SourceDate "2018.10.10"]
[SourceVersion "1"]
[SourceVersionDate "2018.10.10"]
[SourceQuality "1"]
[WhiteTeam "Vellaznimi"]
[BlackTeam "Dardania"]
[WhiteTeamCountry "KOS"]
[BlackTeamCountry "KOS"]

1. Nf3 g6 2. e4 Bg7 3. d4 d6 4. Bc4 e6 5. 0-0 Ne7 6. Bb3 Nd7 7. Bf4 b6 8. Re1 Bb7 9. c3 0-0 10. Qd2 Nf6 11. Bc2 Rc8 12. Bh6 c5 13. Bxg7 Kxg7 14. Bd3 h6 15. h3 Qd7 16. Qe2 Nh5 17. Qe3 Nf6 18. Nbd2 cxd4 19. cxd4 Rc7 20. g4 Rfc8 21. Nf1 Bc6 22. Rad1 Bb5 23. Bb1 Ba4 24. Rd3 Bc2 25. Bxc2 Rxc2 26. Rd2 d5 27. e5 Ne4 28. Rxc2 Rxc2 29. Re2 Qa4 30. a3 Qc4 31. Rxc2 Qxc2 32. b4 a5 33. bxa5 bxa5 34. Kg2 g5 35. h4 Ng6 36. hxg5 hxg5 37. Nxg5 Nxg5 38. Qxg5 Qe4+ 39. Kg1 Qxd4 40. Ng3 Qxe5 41. Nh5+ Kh7 42. Nf6+ Kg7 43. Nh5+ 1/2-1/2

[Event "KOS-chT"]
[Site "Pristina"]
[Date "2018.05.09"]
[Round "3.3"]
[White "Sahitaj, Naim"]
[Black "Zenuni, Bashkim"]
[Result "1-0"]
[WhiteElo "2234"]
[BlackElo "2073"]
[PlyCount "95"]
[EventDate "2018.05.07"]
[EventType "team-tourn"]
[EventRounds "7"]
[EventCountry "KOS"]
[SourceTitle "EXT 2019"]
[Source "ChessBase"]
[SourceDate "2018.10.10"]
[SourceVersion "1"]
[SourceVersionDate "2018.10.10"]
[SourceQuality "1"]
[WhiteTeam "Vellaznimi"]
[BlackTeam "Theranda"]
[WhiteTeamCountry "KOS"]
[BlackTeamCountry "KOS"]

1. Nf3 c5 2. c4 e6 3. g3 d5 4. Bg2 Nf6 5. 0-0 Be7 6. b3 0-0 7. cxd5 exd5 8. d4 Ne4 9. Bb2 Bf6 10. Na3 Nc6 11. Nc2 Be6 12. Rb1 b6 13. Ne5 Ne7 14. Ne3 Rc8 15. dxc5 Rxc5 16. Qd3 Nd6 17. f4 Ndf5 18. N3g4 Bxe5 19. Nxe5 f6 20. Nf3 h5 21. Rbc1 Qd7 22. Ba3 Rxc1 23. Rxc1 Rc8 24. Rd1 Qc7 25. Bh3 Kf7 26. Bxe7 Nxe7 27. Bxe6+ Kxe6 28. Nd4+ Kf7 29. Qh7 Qd7 30. Qxh5+ Kg8 31. Qf3 a5 32. Kf2 b5 33. h4 b4 34. h5 Rc3 35. e3 Nc6 36. g4 Nxd4 37. Rxd4 Rc2+ 38. Kg3 Rxa2 39. Qxd5+ Qxd5 40. Rxd5 Ra3 41. Kf3 Rxb3 42. Rxa5 Rb1 43. Rb5 b3 44. Ke4 b2 45. Kf5 Kh7 46. e4 Kh6 47. Rb7 Kh7 48. Rb8 1-0

[Event "KOS-chT"]
[Site "Pristina"]
[Date "2017.05.21"]
[Round "5.2"]
[White "Sahitaj, Naim"]
[Black "Chatalbashev, Boris"]
[Result "0-1"]
[WhiteElo "2231"]
[BlackElo "2546"]
[PlyCount "60"]
[EventDate "2017.05.17"]
[EventType "team-tourn"]
[EventRounds "7"]
[EventCountry "KOS"]
[SourceTitle "CBM 178 Extra"]
[Source "ChessBase"]
[SourceDate "2017.06.22"]
[SourceVersion "1"]
[SourceVersionDate "2017.06.22"]
[SourceQuality "1"]
[WhiteTeam "Pristina"]
[BlackTeam "Dardania"]
[WhiteTeamCountry "KOS"]
[BlackTeamCountry "KOS"]

1. f4 d5 2. Nf3 g6 3. e3 Bg7 4. c4 dxc4 5. Bxc4 c5 6. Ne5 Nh6 7. Qf3 0-0 8. b3 Nc6 9. Bb2 Nb4 10. 0-0 Nc2 11. Nc3 Nxa1 12. Bxa1 Rb8 13. a4 a6 14. Qe2 Bd7 15. e4 e6 16. h3 Kh8 17. Bb2 Be8 18. g4 Ng8 19. Nf3 b5 20. axb5 axb5 21. Bd3 c4 22. Bc2 cxb3 23. Bxb3 b4 24. Nd1 Bb5 25. Bc4 Bxc4 26. Qxc4 b3 27. e5 Qb6+ 28. Bd4 Qb7 29. Bc3 Ne7 30. Ne3 b2 0-1

[Event "KOS-chT"]
[Site "Pristina"]
[Date "2017.05.17"]
[Round "1.3"]
[White "Suljovic, Sulejman"]
[Black "Sahitaj, Naim"]
[Result "1-0"]
[WhiteElo "2216"]
[BlackElo "2231"]
[PlyCount "107"]
[EventDate "2017.05.17"]
[EventType "team-tourn"]
[EventRounds "7"]
[EventCountry "KOS"]
[SourceTitle "CBM 178 Extra"]
[Source "ChessBase"]
[SourceDate "2017.06.22"]
[SourceVersion "1"]
[SourceVersionDate "2017.06.22"]
[SourceQuality "1"]
[WhiteTeam "Llamkos"]
[BlackTeam "Pristina"]
[WhiteTeamCountry "KOS"]
[BlackTeamCountry "KOS"]

1. e4 d6 2. Nc3 e5 3. g3 Nc6 4. Bg2 h5 5. h4 Nd4 6. Nce2 Nxe2 7. Nxe2 g6 8. d4 Bh6 9. Bxh6 Nxh6 10. Qd2 Qe7 11. 0-0-0 c6 12. f3 Be6 13. Qe3 f6 14. Rd2 Nf7 15. Nc3 Bd7 16. Rhd1 b6 17. Bf1 0-0-0 18. Bc4 exd4 19. Rxd4 Be6 20. Qe2 Kb7 21. Bxe6 Qxe6 22. Ra4 Kb8 23. Qa6 Qe7 24. f4 f5 25. Rad4 Rhe8 26. Qd3 fxe4 27. Rxe4 Qf6 28. Rde1 Rxe4 29. Qxe4 d5 30. Qe7 Rd6 31. Qe8+ Rd8 32. Re6 Rxe8 33. Rxf6 d4 34. Nd1 Nh6 35. Rxg6 Nf5 36. Rg5 Ne3 37. Nxe3 Rxe3 38. Rg7 c5 39. Kd2 a6 40. a4 a5 41. f5 Rf3 42. Rg5 c4 43. Ke2 Re3+ 44. Kf2 Re8 45. f6 Rf8 46. Rf5 Kc7 47. Kf3 b5 48. Ke4 d3 49. cxd3 cxd3 50. Kxd3 bxa4 51. f7 Kd6 52. Ke4 Ke7 53. Re5+ Kf6 54. Rxh5 1-0

[Event "Skopje Karposh op"]
[Site "Skopje"]
[Date "2015.04.03"]
[Round "9"]
[White "Stefanov, Emil"]
[Black "Sahitaj, Naim"]
[Result "1/2-1/2"]
[WhiteElo "2110"]
[BlackElo "2259"]
[PlyCount "101"]
[EventDate "2015.03.27"]
[EventType "swiss"]
[EventRounds "9"]
[EventCountry "MKD"]
[SourceTitle "CBM 165 Extra"]
[Source "ChessBase"]
[SourceDate "2015.04.21"]
[SourceVersion "1"]
[SourceVersionDate "2015.04.21"]
[SourceQuality "1"]

1. d4 Nf6 2. c4 b6 3. Nf3 Bb7 4. Nc3 e6 5. a3 d5 6. cxd5 Nxd5 7. Qc2 c5 8. e4 Nxc3 9. bxc3 Nd7 10. Bd3 Be7 11. 0-0 0-0 12. Bd2 Qc7 13. e5 Rac8 14. Ng5 h6 15. Ne4 Rfd8 16. Qd1 Qc6 17. Qg4 f5 18. exf6 Nxf6 19. Nxf6+ Bxf6 20. Be3 cxd4 21. cxd4 Kf8 22. f3 Qd6 23. Be4 Bd5 24. Kh1 Rc4 25. Qg6 Qe7 26. Bd3 Bxd4 27. Bxc4 Bxa1 28. Bxd5 exd5 29. Bxb6 axb6 30. Rxa1 Qc5 31. h3 d4 32. Qd3 b5 33. Rd1 Qc4 34. Kg1 Qxd3 35. Rxd3 Ke7 36. Kf2 Ke6 37. Rb3 Rb8 38. Rb4 Kd5 39. a4 Kc5 40. Rxb5+ Rxb5 41. axb5 Kxb5 42. Ke2 Kc4 43. Kd2 d3 44. h4 Kd4 45. h5 Kc4 46. g4 Kd4 47. f4 Ke4 48. g5 Kxf4 49. gxh6 gxh6 50. Kxd3 Kg5 51. Ke3 1/2-1/2

[Event "Skopje Karposh op"]
[Site "Skopje"]
[Date "2015.04.01"]
[Round "7"]
[White "Garabetyan, Arno"]
[Black "Sahitaj, Naim"]
[Result "0-1"]
[WhiteElo "2035"]
[BlackElo "2259"]
[PlyCount "108"]
[EventDate "2015.03.27"]
[EventType "swiss"]
[EventRounds "9"]
[EventCountry "MKD"]
[SourceTitle "CBM 165 Extra"]
[Source "ChessBase"]
[SourceDate "2015.04.21"]
[SourceVersion "1"]
[SourceVersionDate "2015.04.21"]
[SourceQuality "1"]

1. d4 Nf6 2. c4 e6 3. Nf3 b6 4. g3 Bb7 5. Bg2 Be7 6. 0-0 0-0 7. Nc3 d5 8. cxd5 exd5 9. Bf4 a6 10. Ne5 Nbd7 11. Qb3 c6 12. Rfd1 b5 13. Rac1 Nb6 14. a4 Nc4 15. Qc2 Re8 16. e4 Qb6 17. b3 Nd6 18. exd5 cxd5 19. Be3 b4 20. Ne2 Rac8 21. Qb1 Nde4 22. Bh3 Nc3 23. Nxc3 Rxc3 24. Bd2 Rxc1 25. Bxc1 Ne4 26. Qd3 Bd6 27. Be3 Bc8 28. Bf1 f6 29. Nf3 Bg4 30. Kg2 Ra8 31. h3 Bh5 32. g4 Bg6 33. Rc1 Nxf2 34. Qe2 Ne4 35. Nd2 Nc3 36. Qf2 Re8 37. Kg1 Bb8 38. Bg2 Qd6 39. Nf1 h5 40. Re1 hxg4 41. hxg4 Qe6 42. Bf3 Qd6 43. Qe2 Ba7 44. Qd2 Kf7 45. Bf4 Qd7 46. Rxe8 Qxe8 47. Ng3 Qe6 48. Kg2 Be4 49. Bxe4 dxe4 50. Nf5 g6 51. Nd6+ Kg8 52. Kh3 Qxb3 53. Bg3 Kh7 54. Qf4 Ne2 0-1

[Event "Kukes op"]
[Site "Kukes"]
[Date "2014.06.12"]
[Round "7"]
[White "Nikcevic, Nebojsa"]
[Black "Sahitaj, Naim"]
[Result "1-0"]
[WhiteElo "2428"]
[BlackElo "2252"]
[PlyCount "51"]
[EventDate "2014.06.07"]
[EventType "swiss"]
[EventRounds "9"]
[EventCountry "ALB"]
[SourceTitle "EXT 2016"]
[Source "ChessBase"]
[SourceDate "2015.10.08"]
[SourceVersion "1"]
[SourceVersionDate "2015.10.08"]
[SourceQuality "1"]

1. Nf3 d5 2. c4 d4 3. b4 f6 4. e3 dxe3 5. fxe3 e5 6. a3 a5 7. b5 b6 8. Qc2 Nd7 9. d4 Bd6 10. Bd3 g6 11. Be4 Rb8 12. Bc6 Qe7 13. Nc3 exd4 14. Nd5 Qe6 15. 0-0 d3 16. Qxd3 Kd8 17. Bxd7 Bxd7 18. Bb2 Kc8 19. e4 h6 20. Rae1 Bc5+ 21. Kh1 Rh7 22. e5 f5 23. Nf4 Qe7 24. Nxg6 Qe8 25. e6 Bxe6 26. Nf4 1-0

[Event "Kukes op"]
[Site "Kukes"]
[Date "2014.06.10"]
[Round "5"]
[White "Sahitaj, Naim"]
[Black "Pasko, Llambi"]
[Result "1-0"]
[WhiteElo "2252"]
[BlackElo "2061"]
[PlyCount "53"]
[EventDate "2014.06.07"]
[EventType "swiss"]
[EventRounds "9"]
[EventCountry "ALB"]
[SourceTitle "EXT 2016"]
[Source "ChessBase"]
[SourceDate "2015.10.08"]
[SourceVersion "1"]
[SourceVersionDate "2015.10.08"]
[SourceQuality "1"]

1. e4 c6 2. d4 d5 3. f3 dxe4 4. fxe4 e5 5. Nf3 Bg4 6. Bc4 Nd7 7. 0-0 Ngf6 8. c3 b5 9. Bb3 Bd6 10. Be3 Qc7 11. h3 Bxf3 12. Qxf3 a5 13. a4 b4 14. Nd2 bxc3 15. bxc3 Rb8 16. g4 h6 17. Rab1 c5 18. d5 Nb6 19. Bc4 Ke7 20. Bb5 Rbf8 21. Bc6 Nfd7 22. Rb5 h5 23. g5 g6 24. Rfb1 f5 25. gxf6+ Rxf6 26. Bg5 Rhf8 27. Rf1 1-0

[Event "Kukes op"]
[Site "Kukes"]
[Date "2014.06.08"]
[Round "3"]
[White "Sahitaj, Naim"]
[Black "Gjergji, Rozana"]
[Result "1-0"]
[WhiteElo "2252"]
[BlackElo "1943"]
[PlyCount "69"]
[EventDate "2014.06.07"]
[EventType "swiss"]
[EventRounds "9"]
[EventCountry "ALB"]
[SourceTitle "EXT 2016"]
[Source "ChessBase"]
[SourceDate "2015.10.08"]
[SourceVersion "1"]
[SourceVersionDate "2015.10.08"]
[SourceQuality "1"]

1. Nf3 d5 2. b3 Nf6 3. Bb2 e6 4. d4 c6 5. Nbd2 Bd6 6. e3 0-0 7. Bd3 Nbd7 8. Ne5 Qc7 9. f4 Re8 10. g4 Nf8 11. g5 N6d7 12. h4 Ng6 13. Nxg6 hxg6 14. h5 Nf8 15. hxg6 fxg6 16. Nf3 Kf7 17. Nh4 Ke7 18. Bxg6 Nxg6 19. Nxg6+ Kd8 20. Rh7 Qf7 21. Qd3 e5 22. Nh8 Qf5 23. dxe5 Bb4+ 24. Kf2 Qxd3 25. cxd3 Bf5 26. Nf7+ Kc7 27. Rxg7 Bf8 28. Nd6+ Bxg7 29. Nxf5 Bh8 30. Rh1 Rf8 31. Rh7+ Kb6 32. Nd6 Rab8 33. b4 a5 34. Bd4+ Ka6 35. a3 1-0

[Event "Kukes op"]
[Site "Kukes"]
[Date "2013.06.06"]
[Round "8"]
[White "Makolli, Perparim"]
[Black "Sahitaj, Naim"]
[Result "0-1"]
[WhiteElo "2223"]
[BlackElo "2193"]
[PlyCount "60"]
[EventDate "2013.06.01"]
[EventType "swiss"]
[EventRounds "9"]
[EventCountry "ALB"]
[SourceTitle "CBM 154 Extra"]
[Source "ChessBase"]
[SourceDate "2013.06.25"]
[SourceVersion "2"]
[SourceVersionDate "2013.06.25"]
[SourceQuality "1"]

1. e4 d6 2. d4 Nf6 3. Nc3 g6 4. Nf3 Bg7 5. h3 0-0 6. Be2 c6 7. a4 Qc7 8. Bf4 Nh5 9. Bh2 e5 10. g4 exd4 11. Nxd4 Nf6 12. Nb3 Rd8 13. Qd2 Qe7 14. f3 Be6 15. 0-0-0 d5 16. e5 Nfd7 17. f4 f6 18. exf6 Nxf6 19. Rhe1 Na6 20. Qe3 Ne4 21. Bxa6 bxa6 22. Nd4 Qb7 23. Rd3 Bf7 24. Nxe4 dxe4 25. Qxe4 Re8 26. Qh1 Qb4 27. Rxe8+ Rxe8 28. c3 Qxa4 29. Nc2 Bb3 30. Qd1 Bxc2 0-1

[Event "EU-ch 14th"]
[Site "Legnica"]
[Date "2013.05.09"]
[Round "5"]
[White "Matinian, Nikita"]
[Black "Sahitaj, Naim"]
[Result "1-0"]
[WhiteElo "2491"]
[BlackElo "2193"]
[PlyCount "45"]
[EventDate "2013.05.05"]
[EventType "swiss"]
[EventRounds "11"]
[EventCountry "POL"]
[SourceTitle "CBM 155"]
[Source "ChessBase"]
[SourceDate "2013.07.16"]
[SourceVersion "1"]
[SourceVersionDate "2013.07.16"]
[SourceQuality "1"]

1. e4 d6 2. d4 g6 3. Nc3 Bg7 4. Be3 Nf6 5. f3 Nbd7 6. Qd2 c6 7. h4 h5 8. a4 Qa5 9. Nh3 b5 10. b4 Qxb4 11. axb5 Nb6 12. Nf4 Bh6 13. bxc6 e5 14. dxe5 dxe5 15. Nfd5 Nbxd5 16. Nxd5 Nxd5 17. exd5 Qb2 18. Rd1 Bxe3 19. Qxe3 Bf5 20. Bd3 Bxd3 21. Rxd3 0-0 22. 0-0 Rac8 23. Qc5 1-0

[Event "EU-ch 14th"]
[Site "Legnica"]
[Date "2013.05.06"]
[Round "2"]
[White "Cernousek, Lukas"]
[Black "Sahitaj, Naim"]
[Result "1-0"]
[WhiteElo "2476"]
[BlackElo "2193"]
[PlyCount "45"]
[EventDate "2013.05.05"]
[EventType "swiss"]
[EventRounds "11"]
[EventCountry "POL"]
[SourceTitle "CBM 155"]
[Source "ChessBase"]
[SourceDate "2013.07.16"]
[SourceVersion "1"]
[SourceVersionDate "2013.07.16"]
[SourceQuality "1"]

1. d4 Nf6 2. c4 b6 3. f3 g6 4. e4 d6 5. Nc3 Bg7 6. Be3 c5 7. d5 h5 8. Qd2 Na6 9. Nh3 Nc7 10. Ng5 a6 11. Bd3 Rb8 12. a4 Bd7 13. 0-0 b5 14. e5 dxe5 15. Bxc5 Bc8 16. f4 e4 17. Ngxe4 Nxe4 18. Bxe4 bxc4 19. f5 gxf5 20. Bxf5 Rb3 21. Rae1 Be6 22. Qf2 Bxc3 23. bxc3 1-0

[Event "EU-ch 13th"]
[Site "Plovdiv"]
[Date "2012.03.25"]
[Round "6"]
[White "Kourousis, Epaminondas"]
[Black "Sahitaj, Naim"]
[Result "1-0"]
[WhiteElo "2284"]
[BlackElo "2193"]
[PlyCount "96"]
[EventDate "2012.03.20"]
[EventType "swiss"]
[EventRounds "11"]
[EventCountry "BUL"]
[SourceTitle "CBM 148"]
[Source "ChessBase"]
[SourceDate "2012.05.16"]
[SourceVersion "1"]
[SourceVersionDate "2012.05.16"]
[SourceQuality "1"]

1. d4 Nf6 2. c4 g6 3. Nc3 d5 4. Nf3 c6 5. Bg5 Ne4 6. Bh4 Qa5 7. cxd5 cxd5 8. Qb3 e6 9. e3 f6 10. Qb5+ Qxb5 11. Bxb5+ Bd7 12. Bd3 g5 13. Bg3 Nxg3 14. hxg3 h6 15. Bg6+ Kd8 16. e4 dxe4 17. Bxe4 Kc7 18. Rc1 Kb6 19. Nd2 a6 20. Nc4+ Ka7 21. 0-0 Nc6 22. Rcd1 f5 23. d5 exd5 24. Bxd5 Bg7 25. Bf3 Rad8 26. Nd6 Rhf8 27. Rfe1 Be5 28. Nxb7 Kxb7 29. Rxe5 g4 30. Re7 Kc8 31. Rexd7 Rxd7 32. Bxc6 Rxd1+ 33. Nxd1 Rd8 34. Ne3 Rd2 35. Nxf5 Rxb2 36. Bd5 Rb1+ 37. Kh2 h5 38. Bc4 Kd7 39. f3 a5 40. a4 Rb2 41. Kg1 Kc6 42. Bf7 Kd7 43. Ne3 Rb4 44. Bc4 Kd6 45. Bb5 Kc5 46. Nc4 Rxc4 47. Bxc4 Kxc4 48. f4 Kd4 1-0

[Event "EU-ch 13th"]
[Site "Plovdiv"]
[Date "2012.03.22"]
[Round "3"]
[White "Sahitaj, Naim"]
[Black "Paichadze, Luka"]
[Result "1/2-1/2"]
[WhiteElo "2193"]
[BlackElo "2491"]
[PlyCount "112"]
[EventDate "2012.03.20"]
[EventType "swiss"]
[EventRounds "11"]
[EventCountry "BUL"]
[SourceTitle "CBM 148"]
[Source "ChessBase"]
[SourceDate "2012.05.16"]
[SourceVersion "1"]
[SourceVersionDate "2012.05.16"]
[SourceQuality "1"]

1. e4 c6 2. d4 d5 3. f3 g6 4. Nc3 Bg7 5. Be3 dxe4 6. fxe4 Nf6 7. Nf3 0-0 8. h3 Qa5 9. Qd2 Nbd7 10. e5 Nd5 11. Nxd5 Qxd2+ 12. Bxd2 cxd5 13. 0-0-0 Nb6 14. Bb4 Re8 15. b3 Bf5 16. Bd3 Bxd3 17. Rxd3 Rac8 18. Kb2 Rc6 19. Re1 Nd7 20. Rc3 Rxc3 21. Kxc3 e6 22. Kd3 f6 23. exf6 Bxf6 24. Bd6 Kf7 25. c4 dxc4+ 26. bxc4 Rc8 27. Rb1 b6 28. a4 Be7 29. Bg3 Rd8 30. Ke4 Rc8 31. Kd3 Rd8 32. Kc3 Bf6 33. a5 Re8 34. axb6 axb6 35. Rb5 Ra8 36. Bd6 Ra2 37. Rb2 Ra1 38. Ne5+ Bxe5 39. dxe5 g5 40. Kb4 Ra5 41. Kc3 Ra7 42. Rf2+ Kg6 43. g4 Ra5 44. Kd4 b5 45. cxb5 Rxb5 46. Rc2 Rd5+ 47. Ke4 Nf6+ 48. exf6 Rxd6 49. Rc7 Rd1 50. Rg7+ Kxf6 51. Rxh7 Re1+ 52. Kd4 e5+ 53. Kd3 Rd1+ 54. Ke3 Re1+ 55. Kf2 Ra1 56. Kf3 Ra6 1/2-1/2

[Event "EU-ch 13th"]
[Site "Plovdiv"]
[Date "2012.03.20"]
[Round "1"]
[White "Sahitaj, Naim"]
[Black "Dvirnyy, Danyyil"]
[Result "0-1"]
[WhiteElo "2193"]
[BlackElo "2507"]
[PlyCount "102"]
[EventDate "2012.03.20"]
[EventType "swiss"]
[EventRounds "11"]
[EventCountry "BUL"]
[SourceTitle "CBM 148"]
[Source "ChessBase"]
[SourceDate "2012.05.16"]
[SourceVersion "1"]
[SourceVersionDate "2012.05.16"]
[SourceQuality "1"]

1. Nf3 Nf6 2. b3 d5 3. e3 c5 4. Bb2 Nc6 5. g3 g6 6. d4 Bg7 7. dxc5 Qa5+ 8. Nbd2 0-0 9. a3 Qxc5 10. b4 Qd6 11. c4 dxc4 12. Nxc4 Qxd1+ 13. Rxd1 Bg4 14. Bg2 Rac8 15. Ncd2 Rfd8 16. 0-0 Bf5 17. Rc1 Ne4 18. Bxg7 Kxg7 19. Nxe4 Bxe4 20. Rfd1 a6 21. Nd2 Bxg2 22. Kxg2 Na7 23. Ne4 Rxd1 24. Rxd1 Rc7 25. Rd3 h6 26. Kf3 f5 27. Nc5 Kf7 28. Ke2 Nb5 29. Kd2 Nd6 30. f3 Nc4+ 31. Ke2 a5 32. Rc3 b5 33. Nb3 axb4 34. axb4 Ra7 35. Nd4 Nd6 36. h4 Ra2+ 37. Rc2 Ra4 38. Rb2 e5 39. Nc2 Nc4 40. Rb1 Ra2 41. Kd3 e4+ 42. fxe4 fxe4+ 43. Kc3 Rxc2+ 44. Kxc2 Na3+ 45. Kb2 Nxb1 46. Kxb1 h5 47. Kc2 Kf6 48. Kc3 Ke5 49. Kd2 Kf5 50. Kc3 Kg4 51. Kd4 Kf3 0-1

[Event "EU-ch 12th"]
[Site "Aix les Bains"]
[Date "2011.04.02"]
[Round "11"]
[White "Sahitaj, Naim"]
[Black "Petrik, Tomas"]
[Result "1-0"]
[WhiteElo "2235"]
[BlackElo "2536"]
[PlyCount "59"]
[EventDate "2011.03.22"]
[EventType "swiss"]
[EventRounds "11"]
[EventCountry "FRA"]
[SourceTitle "CBM 142 Extra"]
[Source "ChessBase"]
[SourceDate "2011.06.27"]
[SourceVersion "1"]
[SourceVersionDate "2011.06.27"]
[SourceQuality "1"]

1. Nf3 Nf6 2. b3 d5 3. Bb2 Bg4 4. e3 Nbd7 5. h3 Bxf3 6. Qxf3 e6 7. c4 c6 8. Nc3 Bd6 9. g4 0-0 10. g5 Ne8 11. h4 Qe7 12. Rb1 a5 13. Qd1 Ba3 14. Ba1 Nd6 15. Qc2 Bb4 16. Bd3 f5 17. f4 e5 18. 0-0 Qf7 19. Be2 dxc4 20. a3 Bxa3 21. bxc4 e4 22. Na4 Nc5 23. Nxc5 Bxc5 24. h5 Rfd8 25. Rf2 Qd7 26. h6 Nf7 27. Qb2 Bf8 28. hxg7 Bc5 29. g6 Nh6 30. Rh2 1-0

[Event "EU-ch 12th"]
[Site "Aix les Bains"]
[Date "2011.03.30"]
[Round "8"]
[White "Shengelia, Davit"]
[Black "Sahitaj, Naim"]
[Result "1-0"]
[WhiteElo "2573"]
[BlackElo "2235"]
[PlyCount "84"]
[EventDate "2011.03.22"]
[EventType "swiss"]
[EventRounds "11"]
[EventCountry "FRA"]
[SourceTitle "CBM 142 Extra"]
[Source "ChessBase"]
[SourceDate "2011.06.27"]
[SourceVersion "1"]
[SourceVersionDate "2011.06.27"]
[SourceQuality "1"]

1. d4 Nf6 2. Nf3 d5 3. c4 e6 4. g3 b6 5. Bg2 Bb7 6. 0-0 dxc4 7. Qa4+ Nbd7 8. Nc3 a6 9. Qxc4 b5 10. Qd3 c5 11. Rd1 c4 12. Qc2 Be7 13. a3 Qb6 14. e4 0-0 15. Be3 Ng4 16. Bf4 Ngf6 17. d5 exd5 18. e5 Nh5 19. Bg5 f6 20. Be3 Bc5 21. Nxd5 Bxd5 22. Rxd5 Bxe3 23. Rxd7 Bc5 24. e6 Rae8 25. Nh4 Kh8 26. Ng6+ hxg6 27. Qxg6 Bxf2+ 28. Kh1 Be3 29. Qxh5+ Bh6 30. e7 Rg8 31. Qg6 Qe3 32. Rf1 f5 33. Qf7 g6 34. g4 Bg5 35. gxf5 Rxe7 36. Rxe7 Qxe7 37. fxg6 Qxf7 38. gxf7 Rf8 39. Bb7 Kg7 40. Bxa6 Rb8 41. Bxb5 Bf6 42. Bxc4 Bxb2 1-0

[Event "EU-ch 11th"]
[Site "Rijeka"]
[Date "2010.03.17"]
[Round "11"]
[White "Sahitaj, Naim"]
[Black "Papin, Vasily"]
[Result "0-1"]
[WhiteElo "1562"]
[BlackElo "2532"]
[PlyCount "128"]
[EventDate "2010.03.06"]
[EventType "swiss"]
[EventRounds "11"]
[EventCountry "CRO"]
[SourceTitle "CBM 136"]
[Source "ChessBase"]
[SourceDate "2010.05.18"]
[SourceVersion "1"]
[SourceVersionDate "2010.05.18"]
[SourceQuality "1"]

1. d4 Nf6 2. c4 e6 3. Nc3 Bb4 4. Nf3 c5 5. Qc2 d5 6. e3 cxd4 7. exd4 Nc6 8. a3 Be7 9. c5 0-0 10. Bd3 Qc7 11. Bg5 h6 12. Bh4 Nh5 13. Bxe7 Qxe7 14. 0-0 Qf6 15. Rad1 Nf4 16. Bb5 Ne7 17. Bd3 Nc6 18. Rfe1 Nh3+ 19. Kf1 Ng5 20. Nxg5 hxg5 21. Ne2 g6 22. Bb5 Ne7 23. Ng3 g4 24. Kg1 Qh4 25. Qe2 f5 26. f4 g5 27. Qe3 gxf4 28. Qxf4 Ng6 29. Qf2 f4 30. Nf1 g3 31. Qf3 Rf5 32. Bd3 gxh2+ 33. Kh1 Rg5 34. Bxg6 Rxg6 35. Re5 Rh6 36. g3 fxg3 37. Nxg3 Rf6 38. Qe3 Rg6 39. Nh5 Bd7 40. Nf4 Rg3 41. Ng2 Rxe3 42. Nxh4 Rxe5 43. dxe5 Rf8 44. Rd2 Rf4 45. Rg2+ Kf7 46. Ng6 Rc4 47. Nh8+ Ke7 48. Rg7+ Kd8 49. Nf7+ Kc7 50. Ng5 Kc6 51. b4 Rg4 52. Kxh2 a5 53. Kh3 Rg1 54. Kh4 axb4 55. axb4 Rb1 56. Nf7 Rh1+ 57. Kg5 Rg1+ 58. Kf6 Rxg7 59. Kxg7 d4 60. Ng5 d3 61. Nf3 Kb5 62. Kf6 Kxb4 63. Ke7 Bc6 64. Nd2 Bd5 0-1

[Event "EU-ch 11th"]
[Site "Rijeka"]
[Date "2010.03.12"]
[Round "7"]
[White "Sahitaj, Naim"]
[Black "Ofstad, Per"]
[Result "1-0"]
[WhiteElo "1562"]
[BlackElo "2197"]
[PlyCount "49"]
[EventDate "2010.03.06"]
[EventType "swiss"]
[EventRounds "11"]
[EventCountry "CRO"]
[SourceTitle "CBM 136"]
[Source "ChessBase"]
[SourceDate "2010.05.18"]
[SourceVersion "1"]
[SourceVersionDate "2010.05.18"]
[SourceQuality "1"]

1. e4 c6 2. d4 d5 3. Nc3 dxe4 4. Nxe4 Bf5 5. Ng3 Bg6 6. Nf3 Nd7 7. h4 h6 8. Bd3 Bxd3 9. Qxd3 Qc7 10. Be3 e6 11. 0-0-0 Ngf6 12. c4 0-0-0 13. Qc3 Kb8 14. Ne5 Nxe5 15. dxe5 Nd7 16. f4 Be7 17. Ne4 Nb6 18. Nd6 f5 19. Qa3 Rd7 20. Rd3 Rhd8 21. Rb3 Nc8 22. c5 Bf8 23. Qa6 Ne7 24. Bd2 Ka8 25. Qa4 1-0